| 000 | 00615nam a2200217Ia 4500 | ||
|---|---|---|---|
| 003 | GCL | ||
| 008 | 140319s9999 xx 000 0 ara d | ||
| 040 |
_aGCL / _cGCL |
||
| 082 | 0 | 4 |
_a155.92 _bم ط |
| 100 | 1 | _aمحمد شعلان | |
| 245 | 1 | 0 |
_aالطب النفسى والسياسة / _cمحمد شعلان |
| 260 |
_a[S.N] : _bالعربى للنشر والتوزيع ، _c1979 |
||
| 300 | _a155 ص | ||
| 490 | _a | ||
| 650 | 0 | 4 | _aالطب |
| 650 | 0 | 4 | _aالمجتمع |
| 650 | 0 | 4 | _aعلم النفس |
| 650 | 0 | 4 | _aالسياسة |
| 650 | 0 | 4 | _aالتأثيرات الاجتماعية |
| 942 |
_2ddc _cBK |
||
| 999 |
_c28214 _d28214 |
||